Zero carbon task group report (Record no. 108214)
[ view plain ]
| 000 -LEADER | |
|---|---|
| fixed length control field | 01428cad a22002175a 4500 |
| 001 - CONTROL NUMBER | |
| control field | L143548 |
| 008 - FIXED-LENGTH DATA ELEMENTS--GENERAL INFORMATION | |
| fixed length control field | 080516s20080512xxk f 000 0 eng d |
| 035 ## - SYSTEM CONTROL NUMBER | |
| System control number | (Sirsi) u143548 |
| 041 0# - LANGUAGE CODE | |
| Language code of text/sound track or separate title | eng |
| 050 04 - LIBRARY OF CONGRESS CALL NUMBER | |
| Classification number | 696.9 $2 18 |
| 110 2# - MAIN ENTRY--CORPORATE NAME | |
| Corporate name or jurisdiction name as entry element | UK Green Building Council |
| 9 (RLIN) | 5440 |
| 245 00 - TITLE STATEMENT | |
| Title | Zero carbon task group report |
| Remainder of title | the definition of zero carbon |
| Medium | [electronic resource] |
| 260 ## - PUBLICATION, DISTRIBUTION, ETC. | |
| Place of publication, distribution, etc. | London |
| Name of publisher, distributor, etc. | UKGBC |
| Date of publication, distribution, etc. | 2008 |
| 520 ## - SUMMARY, ETC. | |
| Summary, etc. | Considers the government's definition of "zero carbon" and makes recommendations to promote a more practicable solution. The current definition excludes the use of off-site renewables unless they are connected to the development by a private wire. This was felt to be unworkable by housebuilders and confusing by other stakeholders including engineers, architects and developers. Recommends strict minimum energy efficiency parameters for new buildings in both building design and appliances; minimum carbon mitigation measures; allowing non-private networks for off-site solutions and a "community energy fund" for payments where zero carbon achievement is not possible. Includes recommendations for further consultation. |
| 521 2# - TARGET AUDIENCE NOTE | |
| Target audience note | Advanced |
| 590 ## - LOCAL NOTE (RLIN) | |
| Local note | KA NTK |
| 651 #4 - SUBJECT ADDED ENTRY--GEOGRAPHIC NAME | |
| Geographic name | United Kingdom |
| Chronological subdivision | |
| 690 ## - LOCAL SUBJECT ADDED ENTRY--TOPICAL TERM (OCLC, RLIN) | |
| Topical term or geographic name as entry element | ENVIRONMENTAL AND LAND CONSULTANCY-SUSTAINABILITY |
| 856 40 - ELECTRONIC LOCATION AND ACCESS | |
| Uniform Resource Identifier | <a href="https://www.ukgbc.org/site/resources/showResourceDetails?id=180">https://www.ukgbc.org/site/resources/showResourceDetails?id=180</a> |
| Public note | View the item free of charge at www.ukgbc.org... |
| 942 ## - ADDED ENTRY ELEMENTS (KOHA) | |
| Suppress in OPAC | 0 |
| Withdrawn status | Lost status | Source of classification or shelving scheme | Damaged status | Not for loan | Home library | Current library | Shelving location | Date acquired | Total Checkouts | Full call number | Barcode | Date last seen | Copy number | Price effective from | Koha item type |
|---|---|---|---|---|---|---|---|---|---|---|---|---|---|---|---|
| Dewey Decimal Classification | Virtual | Virtual | Online | 16/05/2008 | ONLINE PUBLICATION | 143548-1001 | 06/08/2019 | 1 | 06/08/2019 | Book |